[Event "Jalgaon op"]
[Site "Jalgaon"]
[Date "2010.12.01"]
[Round "11"]
[White "Akshat, Khamparia"]
[Black "Tare, Amit Gangadhar"]
[Result "1-0"]
[WhiteElo "2319"]
[BlackElo "2052"]
[PlyCount "100"]
[EventDate "2010.11.23"]
[EventType "swiss"]
[EventRounds "11"]
[EventCountry "IND"]
[SourceTitle "CBM 139 Extra"]
[Source "ChessBase"]
[SourceDate "2011.01.05"]
[SourceVersion "1"]
[SourceVersionDate "2011.01.05"]
[SourceQuality "1"]

1. d4 e6 2. c4 c5 3. d5 d6 4. Nc3 Nf6 5. e4 Be7 6. f4 exd5 7. cxd5 a6 8. a4 Nbd7 9. Nf3 0-0 10. Bd3 Re8 11. 0-0 Bf8 12. Re1 Qc7 13. a5 g6 14. Bc4 b5 15. axb6 Nxb6 16. Bd3 Bb7 17. h3 Bg7 18. Be3 Nbd7 19. Nd2 Nb6 20. Nf3 Nbd7 21. Bf2 Nh5 22. Qd2 Nb6 23. g4 Nf6 24. Bg3 Nfd7 25. Kh2 c4 26. Bc2 Rad8 27. Rad1 Qc5 28. Rb1 Ba8 29. Bf2 Qc7 30. Bg3 Qc5 31. Bf2 Qc7 32. g5 Bb7 33. Bg3 Qc5 34. h4 f6 35. Bf2 Qc7 36. Nd4 Nf8 37. Bd1 Bc8 38. Nc6 Rd7 39. Qd4 Na8 40. gxf6 Bh6 41. Bg3 Bb7 42. Bg4 Bxc6 43. dxc6 Rf7 44. Nd5 Qd8 45. e5 dxe5 46. fxe5 Nc7 47. Ne7+ Kh8 48. Qxc4 Qd2+ 49. Re2 Qd8 50. Qxf7 Qd3 1-0